000 00651nam a22002057a 4500
005 20250707111956.0
010 _aENG-145711
020 _a9789361591884
_c699.00
035 _aEN-129243
037 _bDBAD
082 _a000
_214
100 _aThorpe, Showick
_982644
245 _aGeneral Studies/
_cShowick Thorpe [and] Edgar Thorpe
250 _a14
260 _aNoida
_bPearson India Education
_c2025
270 _a15th Floor, Towe-B, World Trade Tower, Plot No.1, Block-C, Sector-16
_bNoida
_e201301
300 _avpp.
_c25cm(pbk)
500 _aFor UPSC and State Public Services Examination
942 _2ddc
_cEN
_h000
_mTHO
999 _c212143
_d212143